UM Logo

Herbs, needles and cups: (Record no. 8269)

MARC details
000 -LEADER
fixed length control field 00512nam a2200145 4500
008 - FIXED-LENGTH DATA ELEMENTS--GENERAL INFORMATION
fixed length control field 180110b xxu||||| |||| 00| 0 eng d
022 ## - INTERNATIONAL STANDARD SERIAL NUMBER
International Standard Serial Number 01181831
082 ## - DEWEY DECIMAL CLASSIFICATION NUMBER
Classification number DPer 613.05 H34 Jul-Nov 2013
100 ## - MAIN ENTRY--PERSONAL NAME
9 (RLIN) 25587
Personal name Yu, Anson.
245 ## - TITLE STATEMENT
Title Herbs, needles and cups:
Statement of responsibility, etc. Anson Yu.
Remainder of title A glimpse into the world of traditional chinese medicine/
260 ## - PUBLICATION, DISTRIBUTION, ETC. (IMPRINT)
Place of publication, distribution, etc. Philippines:
Name of publisher, distributor, etc. MIMS Pte Ltd KDN,
Date of publication, distribution, etc. ©2013.
300 ## - PHYSICAL DESCRIPTION
Extent pages 55-57:
Other physical details illustrations;
Dimensions 28 cm.
650 #0 - SUBJECT ADDED ENTRY--TOPICAL TERM
9 (RLIN) 25588
Topical term or geographic name as entry element Herbs
General subdivision Therapeutic use.
942 ## - ADDED ENTRY ELEMENTS (KOHA)
Source of classification or shelving scheme Dewey Decimal Classification
Koha item type Periodicals
Holdings
Withdrawn status Lost status Source of classification or shelving scheme Damaged status Not for loan Collection code Home library Current library Date acquired Total Checkouts Full call number Date last seen Price effective from Koha item type Public note
    Dewey Decimal Classification     Periodicals UM Digos College - LIC UM Digos College - LIC 01/10/2018   DPer 613.05 H34 Jul-Nov 2013 01/10/2018 01/10/2018 Periodicals Periodical article